| 000 | 00345cam a22001217a 4500 | ||
|---|---|---|---|
| 008 | 180718b1944 xxu||||| |||| 00| 0 eng d | ||
| 082 | _aB11 K913c | ||
| 100 | _aKroeber, A.L. | ||
| 245 |
_aConfigurations of culture growth _cby A.L. Kroeber |
||
| 260 |
_aBerkeley _bUniversity of California Press _c1944 |
||
| 300 | _a882p. | ||
| 650 | _aCivilization | ||
| 999 |
_c369804 _d369804 |
||